Statistics for US States - Alphabetic Anagrams 3

Click here to take the quiz!

General Stats

  • This quiz has been taken 40 times
  • The average score is 18 of 20

Answer Stats

ALPHAGRAMSTATE% Correct
aaaknrssArkansas
100%
iiillnosIllinois
100%
aiowIowa
100%
aaknssKansas
100%
cekkntuyKentucky
100%
hiooOhio
100%
adfilorFlorida
98%
gimnowyWyoming
98%
aacehmssssttuMassachusetts
95%
ceeimnowx / 2New Mexico
93%
aadhkoosttu / 2South Dakota
93%
ccceinnottuConnecticut
90%
egnoorOregon
90%
aahklmooOklahoma
88%
aegiiinrstvw / 2West Virginia
88%
aabeknrsNebraska
85%
aeehhimnprsw / 2New Hampshire
85%
aadeelrwDelaware
83%
aaiilnosuLouisiana
80%
aadlmnryMaryland
73%

Score Distribution

Percentile by Number Answered

Percent of People with Each Score

Your Score History

You have not taken this quiz